Tartamos erdőgazdálkodás a Veszprémi Erdőgazdaság Rt.-nél

Elmentve itt :
Bibliográfiai részletek
Szerző: Báder András
További közreműködők: Mónusné Goda Ágnes (Témavezető)
Szabó Gábor (Témavezető)
Dokumentumtípus: Szakdolgozat
Megjelent: 1998
Kulcsszavak:Erdőgazdálkodás
Vadgazdálkodás
Környezetvédelem
Tárgyszavak:
Online Access:http://diploma.bibl.u-szeged.hu/100214
LEADER 00827nta a2200253 i 4500
001 dipl100214
005 20220107122441.0
008 211210s1998 hu om 0|| hun d
040 |a SZTE Diploma Repozitórium  |b hun 
041 |a hun 
100 1 |a Báder András 
245 1 0 |a Tartamos erdőgazdálkodás a Veszprémi Erdőgazdaság Rt.-nél  |h [elektronikus dokumentum] /  |c András Báder 
260 |c 1998 
300 |a 44 
650 4 |a Agrár 
650 4 |a Agricultural sciences 
650 4 |a Agriculture, forestry and fisheries 
650 4 |a Forestry 
695 |a Erdőgazdálkodás 
695 |a Vadgazdálkodás 
695 |a Környezetvédelem 
700 0 2 |a Mónusné Goda Ágnes  |e ths 
700 0 2 |a Szabó Gábor  |e ths 
856 4 0 |u https://diploma.bibl.u-szeged.hu/id/eprint/100214/1/1998_bader_andras.pdf  |z Dokumentum-elérés